| 000 | 00918nam a2200241Ia 4500 | ||
|---|---|---|---|
| 003 | OSt | ||
| 005 | 20220923214145.0 | ||
| 006 | a|||||r|||| 00| 0 | ||
| 007 | ta | ||
| 008 | 220922b |||||||| |||| 00| 0 per d | ||
| 024 | _a167,459 | ||
| 037 | _cTextual | ||
| 040 |
_aARTS _cARTS _bper |
||
| 041 |
_2per _aper |
||
| 082 | _aO164,1G53w, 152L5 | ||
| 100 | _aअमीर खुसरो | ||
| 245 | 0 | _aअमीर खुसरो* भावात्मक एकता के अग्रदुत, मलिक मोहम्मद सम्पा | |
| 246 | _aAmīr khusaro: bhāvātmak ekatā ke agraduta, malik mohammad sampā | ||
| 260 |
_aदिल्ली _b राजपाल एण्ड सन्ज _c1975 |
||
| 650 |
_aहिन्दी साहित्य _9156264 |
||
| 942 |
_hO164,1G53w, 152L5 _cTEXL _2CC |
||
| 999 |
_c321929 _d321929 |
||